00327nam a22000977a 4500008004100000020001500041082002100056245008900077260005500166300000800221230626b xxu||||| |||| 00| 0 eng d a9987666329 a337.11bEAC 2005 aReport of the 4th East African Community Summit of Heads of StatebArusha, Tanzania  aTanzania bEast African Community Secretaiatc2005 a20p